Teaching of mathematics/ (Record no. 10527)

MARC details
000 -LEADER
fixed length control field 00776 a2200217 4500
005 - DATE AND TIME OF LATEST TRANSACTION
control field 20090720111945.0
008 - FIXED-LENGTH DATA ELEMENTS--GENERAL INFORMATION
fixed length control field 090720t xxu||||| |||| 00| 0 eng d
010 ## - LCCN (DPL NO)
LC control number ENG-89380
020 ## - INTERNATIONAL STANDARD BOOK NUMBER
International Standard Book Number 8131303269
Terms of availability 595.00
035 ## - SYSTEM CONTROL NUMBER
System control number EN-72913
037 ## - SOURCE OF ACQUISITION
Source of stock number/acquisition DBAD / PUB
082 ## - DEWEY DECIMAL CLASSIFICATION NUMBER
Classification number 372.7044
100 ## - MAIN ENTRY--PERSONAL NAME
Personal name Mishra, L.
245 ## - TITLE STATEMENT
Title Teaching of mathematics/
Statement of responsibility, etc by L. Mishra
260 ## - PUBLICATION, DISTRIBUTION, ETC. (IMPRINT)
Place of publication, distribution, etc New Delhi
Name of publisher, distributor, etc APH Publishing Corporation
Date of publication, distribution, etc 2008
270 ## - ADDRESS
Address 4435-36/7, Ansari Road, Darya Ganj,
City New Delhi
State or province Delhi
Postal code 110002
Telephone number 23274050
Electronic mail address aphbook@vsnl.net
300 ## - PHYSICAL DESCRIPTION
Extent vi, 228p.
Dimensions 22 cm ( Hb.)
500 ## - GENERAL NOTE
General note Includes bibliographical references
942 ## - ADDED ENTRY ELEMENTS (KOHA)
Institution code [OBSOLETE] dpl
Item type English Books
Call number prefix 372.7044 / MIS
Source of classification or shelving scheme Dewey Decimal Classification
Holdings
Withdrawn status Lost status Source of classification or shelving scheme Damaged status Not for loan Collection code Home library Current library Source of acquisition Cost, normal purchase price Total Checkouts Full call number Barcode Date last seen Copy number Cost, replacement price Koha item type
    Dewey Decimal Classification   Not For Loan Non-fiction D.B.Act.Division D.B.Act.Division DBAD/PUB 595.00   372.7044 MIS EN-72913 15/09/2008 1 595.00 English Books

© Delhi Public Library
Hit Counter
free hit counter